[Event "Sitges Sunway op 10th"]
[Site "Sitges"]
[Date "2023.12.22"]
[Round "10"]
[White "Rakesh, Kumar Jena"]
[Black "Tiwari, Aswani"]
[Result "1-0"]
[WhiteElo "2335"]
[BlackElo "2070"]
[PlyCount "48"]
[EventDate "2023.12.12"]
[EventType "swiss"]
[EventRounds "10"]
[EventCountry "ESP"]
[SourceTitle "EXT 2025"]
[Source "ChessBase"]
[SourceDate "2024.10.14"]
[SourceVersion "1"]
[SourceVersionDate "2024.10.14"]
[SourceQuality "1"]

1. e4 c5 2. c3 g6 3. d4 cxd4 4. cxd4 d5 5. exd5 Qxd5 6. Nc3 Qd8 7. Qa4+ Bd7 8. Qb3 Nc6 9. Nf3 Bg7 10. Be3 Nf6 11. d5 Na5 12. Qb4 0-0 13. Be2 b6 14. 0-0 Rc8 15. Rfd1 Bg4 16. d6 exd6 17. Rxd6 Nc6 18. Qa3 Qe7 19. Bg5 Rfd8 20. Rad1 Rxd6 21. Rxd6 Ne5 22. Ne4 Nxe4 23. Bxe7 Nxf3+ 24. gxf3 Nxd6 1-0

[Event "Sitges Sunway op 10th"]
[Site "Sitges"]
[Date "2023.12.20"]
[Round "8"]
[White "Vallbona Domingo, Joan"]
[Black "Tiwari, Aswani"]
[Result "1/2-1/2"]
[WhiteElo "1864"]
[BlackElo "2070"]
[PlyCount "60"]
[EventDate "2023.12.12"]
[EventType "swiss"]
[EventRounds "10"]
[EventCountry "ESP"]
[SourceTitle "EXT 2025"]
[Source "ChessBase"]
[SourceDate "2024.10.14"]
[SourceVersion "1"]
[SourceVersionDate "2024.10.14"]
[SourceQuality "1"]

1. c4 f5 2. g3 Nf6 3. Bg2 g6 4. b4 Bg7 5. Bb2 d6 6. Nf3 e5 7. d3 0-0 8. 0-0 Nc6 9. b5 Ne7 10. Nc3 h6 11. Qb3 Kh7 12. Nd5 g5 13. Rac1 Be6 14. Nd2 Bxd5 15. cxd5 Nd7 16. Qc2 Nc5 17. e3 Rc8 18. g4 Kh8 19. gxf5 Nxf5 20. Ne4 Nxe4 21. dxe4 Nh4 22. f3 Qd7 23. a4 Rf7 24. Rf2 Rcf8 25. Re1 h5 26. Bc1 Bh6 27. Kh1 Kg8 28. Qe2 Ng6 29. Kg1 g4 30. fxg4 Rxf2 1/2-1/2

[Event "Sitges Sunway op 10th"]
[Site "Sitges"]
[Date "2023.12.19"]
[Round "7"]
[White "Tiwari, Aswani"]
[Black "Priyanka, Nutakki"]
[Result "0-1"]
[WhiteElo "2070"]
[BlackElo "2267"]
[PlyCount "70"]
[EventDate "2023.12.12"]
[EventType "swiss"]
[EventRounds "10"]
[EventCountry "ESP"]
[SourceTitle "EXT 2025"]
[Source "ChessBase"]
[SourceDate "2024.10.14"]
[SourceVersion "1"]
[SourceVersionDate "2024.10.14"]
[SourceQuality "1"]

1. e4 c6 2. d4 d5 3. e5 Bf5 4. Nd2 e6 5. Nb3 Nd7 6. Nf3 Qc7 7. Be3 Ne7 8. Be2 Bg6 9. 0-0 Nf5 10. c4 dxc4 11. Bxc4 Be7 12. Rc1 0-0 13. Bd2 Nb6 14. Ba5 Qd7 15. Bxb6 axb6 16. a3 Bh5 17. Bd3 Qd5 18. Bxf5 exf5 19. Qd3 Rfd8 20. Nfd2 Qe6 21. f4 c5 22. Qc4 Qd7 23. dxc5 bxc5 24. Nf3 b5 25. Qe2 c4 26. Na1 Qa7+ 27. Kh1 Rd3 28. Nc2 Rad8 29. h3 Qd7 30. Nce1 Bxf3 31. Nxf3 Qd5 32. Rfe1 Bc5 33. Qc2 Be3 34. Rxe3 Rxe3 35. Qxf5 Rxf3 0-1

[Event "Titled Tuesday intern op 05th Sep Early"]
[Site "Chess.com INT"]
[Date "2023.09.05"]
[Round "8"]
[White "Tiwari, Aswani"]
[Black "Melikhov, Evgeny V"]
[Result "0-1"]
[WhiteElo "2070"]
[BlackElo "2208"]
[PlyCount "134"]
[EventDate "2023.09.05"]
[EventType "swiss (blitz)"]
[EventRounds "11"]
[EventCountry "USA"]
[SourceTitle "EXT 2024"]
[Source "ChessBase"]
[SourceDate "2023.10.10"]
[SourceVersion "1"]
[SourceVersionDate "2023.10.10"]
[SourceQuality "1"]

1. b3 e5 2. Bb2 Nc6 3. e3 a6 4. d4 exd4 5. exd4 d5 6. Nf3 Bg4 7. h3 Bh5 8. Bd3 Nf6 9. 0-0 Be7 10. Nbd2 0-0 11. a3 Bg6 12. Bxg6 hxg6 13. Re1 Bd6 14. c4 b6 15. Qc2 Qd7 16. Ne5 Bxe5 17. dxe5 Nh7 18. cxd5 Qxd5 19. Nf3 Rfd8 20. Rac1 Na5 21. e6 Nxb3 22. Qxc7 f6 23. Qf7+ Kh8 24. Rc7 Rg8 25. Bxf6 Nxf6 26. Qxg6 Qh5 27. Qc2 Nc5 28. Ne5 Rge8 29. g4 Qxh3 30. Qg6 Qh7 31. Qf7 Nxe6 32. Ng6+ Qxg6 33. Qxg6 Nxc7 34. Rc1 Ncd5 35. g5 Nh7 36. Qh5 Nf4 37. Qd1 Ne2+ 38. Kg2 Nxc1 39. Qxc1 Rac8 40. Qh1 Kg8 41. g6 Nf6 42. Qb1 b5 43. Qf5 Rc4 44. Qd3 Rce4 45. Qb3+ R4e6 46. Qh3 Kf8 47. Qh8+ Ng8 48. Qh5 Rf6 49. Qc5+ Ne7 50. Qa7 Rxg6+ 51. Kf1 Rf6 52. Qd7 Ng6 53. Qd4 Ne5 54. Qc5+ Re7 55. Qc8+ Kf7 56. Qb8 g5 57. Qh8 Ng6 58. Qh7+ Ke6 59. Qg8+ Ref7 60. Qc8+ Ke7 61. Qc7+ Kf8 62. Qd8+ Kg7 63. Qd3 Rxf2+ 64. Ke1 Rf1+ 65. Qxf1 Rxf1+ 66. Kxf1 Kf6 67. Ke2 Kf5 0-1

[Event "Titled Tuesday intern op 05th Sep Early"]
[Site "Chess.com INT"]
[Date "2023.09.05"]
[Round "6"]
[White "Zenin, Dmitri"]
[Black "Tiwari, Aswani"]
[Result "1-0"]
[WhiteElo "2163"]
[BlackElo "2070"]
[PlyCount "97"]
[EventDate "2023.09.05"]
[EventType "swiss (blitz)"]
[EventRounds "11"]
[EventCountry "USA"]
[SourceTitle "EXT 2024"]
[Source "ChessBase"]
[SourceDate "2023.10.10"]
[SourceVersion "1"]
[SourceVersionDate "2023.10.10"]
[SourceQuality "1"]

1. d4 f5 2. Nc3 Nf6 3. Bg5 e6 4. e4 fxe4 5. Nxe4 Be7 6. Bxf6 Bxf6 7. Nf3 0-0 8. Bd3 d5 9. Ng3 c5 10. 0-0 cxd4 11. Nxd4 Nc6 12. c3 e5 13. Nb3 e4 14. Be2 Be6 15. Nc5 Bf7 16. Nf5 b6 17. Nb3 Be6 18. Nfd4 Nxd4 19. Nxd4 Qd7 20. f3 Bxd4+ 21. Qxd4 exf3 22. Bxf3 Rad8 23. Rad1 Qb5 24. Rfe1 Bf7 25. Rd2 Rfe8 26. Rde2 Rxe2 27. Rxe2 Qc4 28. a3 Qxd4+ 29. cxd4 Rc8 30. Kf2 Kf8 31. Ke1 Rc1+ 32. Kd2 Rh1 33. h3 Rb1 34. Kc3 Rc1+ 35. Kd2 Rc4 36. Ke3 a5 37. Rd2 Rc1 38. Kf4 Ke7 39. h4 Kd6 40. Kg5 Re1 41. Kf4 h6 42. g4 Rf1 43. Kg3 g5 44. hxg5 hxg5 45. Rh2 Be6 46. Rh5 Rb1 47. Rh2 b5 48. Rc2 Rd1 49. Bxd1 1-0

[Event "Titled Tuesday intern op 26th Oct"]
[Site "Chess.com INT"]
[Date "2021.10.26"]
[Round "3"]
[White "Jovic, Stanoje"]
[Black "Tiwari, Aswani"]
[Result "1-0"]
[WhiteElo "2197"]
[BlackElo "2070"]
[PlyCount "99"]
[EventDate "2021.10.26"]
[EventType "swiss (blitz)"]
[EventRounds "11"]
[EventCountry "USA"]
[SourceTitle "CBM 204 Extra"]
[Source "ChessBase"]
[SourceDate "2021.11.30"]
[SourceVersion "1"]
[SourceVersionDate "2021.11.30"]
[SourceQuality "1"]

1. c4 f5 2. g3 Nf6 3. Bg2 d6 4. Nc3 e5 5. d3 g6 6. Nf3 Bg7 7. 0-0 0-0 8. Rb1 a5 9. a3 Nc6 10. b4 axb4 11. axb4 h6 12. b5 Ne7 13. Ne1 Kh7 14. Nc2 Rb8 15. Nb4 Be6 16. Ra1 d5 17. cxd5 Nexd5 18. Nbxd5 Nxd5 19. Nxd5 Bxd5 20. Bxd5 Qxd5 21. Qa4 e4 22. dxe4 fxe4 23. Ra3 Ra8 24. Qb3 Qxb3 25. Rxb3 Rf5 26. Bf4 Ra2 27. e3 c6 28. bxc6 bxc6 29. g4 Rc5 30. Rb7 g5 31. Bg3 Kg6 32. Rd1 Rd5 33. Rc1 c5 34. Rc4 h5 35. gxh5+ Kh6 36. Rxe4 Bf6 37. Re6 Rf5 38. Rf7 Kxh5 39. Rfxf6 Rxf6 40. Rxf6 c4 41. Rc6 Rc2 42. h3 c3 43. Kg2 Rc1 44. e4 Re1 45. Rxc3 Rxe4 46. Rc5 Kg6 47. f3 Ra4 48. Bd6 Kf6 49. Bc7 Ke6 50. Rxg5 1-0

[Event "Titled Tuesday intern op 26th Oct"]
[Site "Chess.com INT"]
[Date "2021.10.26"]
[Round "4"]
[White "Tiwari, Aswani"]
[Black "Tarasova, Viktoriya"]
[Result "1-0"]
[WhiteElo "2070"]
[BlackElo "2226"]
[PlyCount "61"]
[EventDate "2021.10.26"]
[EventType "swiss (blitz)"]
[EventRounds "11"]
[EventCountry "USA"]
[SourceTitle "CBM 204 Extra"]
[Source "ChessBase"]
[SourceDate "2021.11.30"]
[SourceVersion "1"]
[SourceVersionDate "2021.11.30"]
[SourceQuality "1"]

1. b3 Nf6 2. Bb2 d5 3. e3 e6 4. f4 c5 5. Nf3 Nc6 6. Bb5 Bd6 7. 0-0 0-0 8. Bxc6 bxc6 9. Ne5 Qc7 10. d3 Nd7 11. Nxd7 Bxd7 12. Qg4 f6 13. Qe2 e5 14. fxe5 fxe5 15. Nd2 e4 16. h3 exd3 17. cxd3 Rae8 18. e4 Rxf1+ 19. Rxf1 Be5 20. Qh5 g6 21. Bxe5 Qxe5 22. Qxe5 Rxe5 23. Rc1 d4 24. Nf3 Rh5 25. Rc4 Kf8 26. Ra4 Ke7 27. Rxa7 Kd6 28. a4 g5 29. a5 g4 30. hxg4 Bxg4 31. Rg7 1-0

[Event "Titled Tuesday intern op 05th Oct"]
[Site "Chess.com INT"]
[Date "2021.10.05"]
[Round "10"]
[White "Bures, Vit"]
[Black "Tiwari, Aswani"]
[Result "1-0"]
[WhiteElo "2110"]
[BlackElo "2070"]
[PlyCount "51"]
[EventDate "2021.10.05"]
[EventType "swiss (blitz)"]
[EventRounds "11"]
[EventCountry "USA"]
[SourceTitle "CBM 204 Extra"]
[Source "ChessBase"]
[SourceDate "2021.11.30"]
[SourceVersion "1"]
[SourceVersionDate "2021.11.30"]
[SourceQuality "1"]

1. d4 f5 2. Nc3 d5 3. Bf4 a6 4. e3 e6 5. Nf3 Bd6 6. Bd3 Nf6 7. Ne2 0-0 8. 0-0 c5 9. dxc5 Bxc5 10. c4 Nc6 11. Rc1 d4 12. exd4 Nxd4 13. Nexd4 Bxd4 14. Qc2 Ba7 15. c5 Bd7 16. Bd6 Re8 17. Ne5 Rc8 18. b4 Nd5 19. Qb3 Bb5 20. Rfd1 Bxd3 21. Rxd3 Qh4 22. Rxd5 b6 23. c6 b5 24. Rd2 Red8 25. Qxe6+ Kh8 26. Nf7+ 1-0

[Event "Titled Tuesday intern op 10th Aug"]
[Site "Chess.com INT"]
[Date "2021.08.10"]
[Round "11"]
[White "Eggleston, Thomas"]
[Black "Tiwari, Aswani"]
[Result "1-0"]
[WhiteElo "2178"]
[BlackElo "2070"]
[PlyCount "87"]
[EventDate "2021.08.10"]
[EventType "swiss (blitz)"]
[EventRounds "11"]
[EventCountry "USA"]
[SourceTitle "CBM 203 Extra"]
[Source "ChessBase"]
[SourceDate "2021.09.30"]
[SourceVersion "1"]
[SourceVersionDate "2021.09.30"]
[SourceQuality "1"]

1. d4 f5 2. h4 d5 3. h5 Nf6 4. h6 g6 5. Nf3 c6 6. Ne5 Nbd7 7. Bg5 Ne4 8. Bf4 Qb6 9. Nxd7 Bxd7 10. Be5 Rg8 11. Nd2 Qxb2 12. Nxe4 fxe4 13. Rb1 Qc3+ 14. Qd2 Qxd2+ 15. Kxd2 b6 16. e3 Be6 17. Be2 Bf5 18. g4 Bd7 19. f3 e6 20. fxe4 dxe4 21. g5 c5 22. Bc4 cxd4 23. exd4 Rc8 24. Bb3 Bb4+ 25. Ke3 Bc3 26. Rhf1 Ke7 27. Bg7 Bc6 28. Rf4 Bd5 29. Rbf1 Kd6 30. Be5+ Kc6 31. Rf7 a5 32. a4 b5 33. axb5+ Kxb5 34. Rxh7 a4 35. Bxd5 exd5 36. Rb7+ Ka6 37. Rd7 a3 38. h7 Rge8 39. Rf6+ Kb5 40. Rb7+ Kc4 41. Ra6 Rf8 42. h8Q Rxh8 43. Bxh8 Rxh8 44. Rc6# 1-0

[Event "Titled Tuesday intern op 10th Aug"]
[Site "Chess.com INT"]
[Date "2021.08.10"]
[Round "4"]
[White "Nguyen, Hong Nhung"]
[Black "Tiwari, Aswani"]
[Result "1/2-1/2"]
[WhiteElo "1697"]
[BlackElo "2070"]
[PlyCount "125"]
[EventDate "2021.08.10"]
[EventType "swiss (blitz)"]
[EventRounds "11"]
[EventCountry "USA"]
[SourceTitle "CBM 203 Extra"]
[Source "ChessBase"]
[SourceDate "2021.09.30"]
[SourceVersion "1"]
[SourceVersionDate "2021.09.30"]
[SourceQuality "1"]

1. e4 c5 2. Nc3 Nc6 3. Bb5 Nd4 4. Bc4 e6 5. Nge2 a6 6. Nxd4 cxd4 7. Ne2 b5 8. Bb3 Bb7 9. d3 Qb6 10. 0-0 Nf6 11. Ng3 Be7 12. f4 0-0 13. Kh1 d5 14. e5 Nd7 15. Qg4 f5 16. exf6 Nxf6 17. Qf3 Rae8 18. Bd2 Bd6 19. Rae1 a5 20. a3 a4 21. Ba2 b4 22. axb4 Bxb4 23. c3 dxc3 24. bxc3 d4 25. Qf2 Bc5 26. Rb1 dxc3 27. Rxb6 Bxf2 28. Rxf2 cxd2 29. Rxd2 Bd5 30. Bc4 Rb8 31. Rxb8 Rxb8 32. h3 Rb1+ 33. Kh2 Ra1 34. Rb2 Nd7 35. Rb5 a3 36. Bxd5 exd5 37. Rxd5 a2 38. Rxd7 Rh1+ 39. Nxh1 a1Q 40. Ng3 g6 41. d4 Qa4 42. Rd8+ Kf7 43. d5 Qxf4 44. Ra8 Qd4 45. Ra5 Ke7 46. Ra6 Qxd5 47. Ra7+ Kf6 48. Rxh7 Qe5 49. Rh8 Kg5 50. Rc8 Qd6 51. Rc5+ Kf6 52. Rc4 Kg7 53. Rg4 Kf6 54. Kh1 Qd1+ 55. Kh2 Qd6 56. Re4 Kg7 57. Rg4 Qc7 58. Kh1 Qc1+ 59. Kh2 Qc7 60. Re4 Kh6 61. Rg4 Qd6 62. Rh4+ Kg7 63. Rg4 1/2-1/2

[Event "Titled Tuesday intern op 10th Aug"]
[Site "Chess.com INT"]
[Date "2021.08.10"]
[Round "8"]
[White "Tiwari, Aswani"]
[Black "Toczek, Grzegorz"]
[Result "0-1"]
[WhiteElo "2070"]
[BlackElo "2271"]
[PlyCount "70"]
[EventDate "2021.08.10"]
[EventType "swiss (blitz)"]
[EventRounds "11"]
[EventCountry "USA"]
[SourceTitle "CBM 203 Extra"]
[Source "ChessBase"]
[SourceDate "2021.09.30"]
[SourceVersion "1"]
[SourceVersionDate "2021.09.30"]
[SourceQuality "1"]

1. b3 b6 2. Bb2 Bb7 3. f3 d5 4. d3 Nd7 5. e4 e6 6. e5 c5 7. f4 d4 8. Nf3 Ne7 9. g3 Nd5 10. Bc1 Be7 11. Bg2 0-0 12. 0-0 Qc7 13. a3 a5 14. Nbd2 Ne3 15. Qe2 Nxf1 16. Qxf1 f5 17. exf6 Bxf6 18. a4 Rae8 19. Qe2 e5 20. fxe5 Nxe5 21. Nxe5 Rxe5 22. Ne4 Re7 23. Bf4 Be5 24. Bg5 Ref7 25. Re1 Kh8 26. Bc1 Bxe4 27. Qxe4 Bd6 28. Qd5 Re7 29. Be4 Bxg3 30. Re2 Bf4 31. Rf2 Ref7 32. Qh5 g6 33. Bxg6 Rg7 34. Kh1 Rxg6 35. Bxf4 Rxf4 0-1

[Event "Titled Tuesday intern op 10th Aug"]
[Site "Chess.com INT"]
[Date "2021.08.10"]
[Round "7"]
[White "Upper, John"]
[Black "Tiwari, Aswani"]
[Result "1-0"]
[WhiteElo "1980"]
[BlackElo "2070"]
[PlyCount "49"]
[EventDate "2021.08.10"]
[EventType "swiss (blitz)"]
[EventRounds "11"]
[EventCountry "USA"]
[SourceTitle "CBM 203 Extra"]
[Source "ChessBase"]
[SourceDate "2021.09.30"]
[SourceVersion "1"]
[SourceVersionDate "2021.09.30"]
[SourceQuality "1"]

1. c4 f5 2. Nc3 Nf6 3. Nf3 d6 4. d4 g6 5. Bg5 Bg7 6. h4 0-0 7. Qc2 h6 8. Bxf6 Bxf6 9. 0-0-0 c6 10. e4 fxe4 11. Nxe4 Bg7 12. Bd3 Bf5 13. Ng3 Bxd3 14. Qxd3 Qe8 15. h5 g5 16. Nf5 Qf7 17. g4 Nd7 18. Rhe1 Rae8 19. Re3 Nf6 20. Nh2 Nxg4 21. Nxg7 Nxe3 22. Nxe8 Nxd1 23. Ng4 Qf4+ 24. Kb1 Qf5 25. Nxh6+ 1-0

[Event "Titled Tuesday intern op 20th July"]
[Site "Chess.com INT"]
[Date "2021.07.20"]
[Round "2"]
[White "Tiwari, Aswani"]
[Black "Baches Garcia, Guillermo"]
[Result "1-0"]
[WhiteElo "2070"]
[BlackElo "2329"]
[PlyCount "51"]
[EventDate "2021.07.20"]
[EventType "swiss (blitz)"]
[EventRounds "11"]
[EventCountry "USA"]
[SourceTitle "CBM 203 Extra"]
[Source "ChessBase"]
[SourceDate "2021.09.30"]
[SourceVersion "1"]
[SourceVersionDate "2021.09.30"]
[SourceQuality "1"]

1. b3 d5 2. Bb2 Bf5 3. e3 e6 4. f4 Nf6 5. Nf3 h6 6. Bd3 Be7 7. 0-0 0-0 8. Ne5 Nbd7 9. h3 Bd6 10. Qe2 c6 11. c4 Qc7 12. Nxd7 Nxd7 13. Bxf5 exf5 14. Qh5 dxc4 15. bxc4 Qb6 16. Bc3 Qc5 17. g4 fxg4 18. Qxg4 f6 19. Qxd7 Rad8 20. Qg4 Qxc4 21. a4 Bc5 22. Na3 Bxe3+ 23. Kh2 Bxf4+ 24. Rxf4 Qd3 25. Rg1 Rf7 26. Rxf6 1-0

[Event "Titled Tuesday intern op 20th July"]
[Site "Chess.com INT"]
[Date "2021.07.20"]
[Round "11"]
[White "Tiwari, Aswani"]
[Black "Manukian, Artak"]
[Result "0-1"]
[WhiteElo "2070"]
[BlackElo "2196"]
[PlyCount "113"]
[EventDate "2021.07.20"]
[EventType "swiss (blitz)"]
[EventRounds "11"]
[EventCountry "USA"]
[SourceTitle "CBM 203 Extra"]
[Source "ChessBase"]
[SourceDate "2021.09.30"]
[SourceVersion "1"]
[SourceVersionDate "2021.09.30"]
[SourceQuality "1"]

1. b3 Nf6 2. Bb2 g6 3. e4 Bg7 4. e5 Nd5 5. c4 Nb6 6. d4 e6 7. f4 0-0 8. Nf3 d5 9. c5 N6d7 10. Bd3 b6 11. cxb6 axb6 12. 0-0 c5 13. Nc3 Nc6 14. Nb5 Ba6 15. Nd6 Bxd3 16. Qxd3 cxd4 17. Nxd4 Nc5 18. Qh3 Nxd4 19. Bxd4 Qd7 20. b4 Nb7 21. Nxb7 Qxb7 22. Qe3 b5 23. Rfc1 Rfc8 24. g4 Rc4 25. Bc5 Qa6 26. Rxc4 dxc4 27. f5 exf5 28. gxf5 gxf5 29. Rf1 Qxa2 30. Rxf5 Qb1+ 31. Rf1 Qd3 32. Qf4 Kh8 33. Be7 Rg8 34. Kh1 Qd5+ 35. Qf3 Qxe5 36. Bc5 f5 37. Be3 Qe4 38. Qxe4 fxe4 39. Rf5 c3 40. Rxb5 Rd8 41. Rc5 Kg8 42. Kg2 Rd3 43. Kf2 Bf6 44. b5 Rd1 45. Ke2 Rb1 46. b6 Kf7 47. Rc7+ Ke6 48. b7 Be5 49. Rxh7 c2 50. Rc7 Bxc7 51. Kd2 Rxb7 52. Kxc2 Bxh2 53. Bf4 Bxf4 54. Kd1 Kf5 55. Ke2 Rd7 56. Kf2 e3+ 57. Ke2 0-1

[Event "London Classic op 8th"]
[Site "London"]
[Date "2016.12.16"]
[Round "9"]
[White "Tiwari, Aswani"]
[Black "Rushbrooke, Tibo"]
[Result "1-0"]
[WhiteElo "2065"]
[BlackElo "1502"]
[PlyCount "87"]
[EventDate "2016.12.09"]
[EventType "swiss"]
[EventRounds "9"]
[EventCountry "ENG"]
[SourceTitle "CBM 176 Extra"]
[Source "ChessBase"]
[SourceDate "2017.03.02"]
[SourceVersion "1"]
[SourceVersionDate "2017.03.02"]
[SourceQuality "1"]

1. e4 e5 2. Nf3 Nc6 3. Bb5 a6 4. Ba4 Nf6 5. 0-0 Be7 6. Re1 b5 7. Bb3 0-0 8. h3 d6 9. c3 Nb8 10. d4 Nbd7 11. Nbd2 c5 12. Nf1 Bb7 13. d5 g6 14. Bh6 Re8 15. g4 Bf8 16. Qd2 Qe7 17. Ng3 Kh8 18. Bg5 Bg7 19. Kh2 Bc8 20. Bc2 Qf8 21. Nh4 Ng8 22. Ng2 Nb6 23. b3 Bd7 24. f3 Ne7 25. Rg1 f6 26. Be3 f5 27. gxf5 gxf5 28. Bg5 Qf7 29. Bxe7 Rxe7 30. Nh4 f4 31. Ngf5 Qf6 32. Rg4 Rf7 33. Rag1 Rg8 34. Qf2 Nc8 35. Ng6+ hxg6 36. Rxg6 Qd8 37. R1g5 Qxg5 38. Rxg5 Bf8 39. Rh5+ Rh7 40. Qh4 Bxf5 41. exf5 Rxh5 42. Qxh5+ Kg7 43. f6+ Kxf6 44. Qf5+ 1-0

[Event "London Classic op 8th"]
[Site "London"]
[Date "2016.12.09"]
[Round "1"]
[White "Tiwari, Aswani"]
[Black "Adair, James R"]
[Result "0-1"]
[WhiteElo "2065"]
[BlackElo "2489"]
[PlyCount "82"]
[EventDate "2016.12.09"]
[EventType "swiss"]
[EventRounds "9"]
[EventCountry "ENG"]
[SourceTitle "CBM 176 Extra"]
[Source "ChessBase"]
[SourceDate "2017.03.02"]
[SourceVersion "1"]
[SourceVersionDate "2017.03.02"]
[SourceQuality "1"]

1. e4 c5 2. Nc3 d6 3. f4 g6 4. Nf3 Bg7 5. Bb5+ Bd7 6. Bc4 Nc6 7. 0-0 e6 8. d3 Nge7 9. Be3 Nd4 10. Qd2 0-0 11. f5 b5 12. fxe6 fxe6 13. Bb3 Nec6 14. Ng5 Qe7 15. Rxf8+ Rxf8 16. Rf1 Rxf1+ 17. Kxf1 a5 18. a4 b4 19. Nd1 Nxb3 20. cxb3 Nd4 21. Bxd4 Bxd4 22. Nf3 Bg7 23. Ne3 Qf6 24. Nc4 d5 25. Nce5 Be8 26. Qe3 Qf8 27. exd5 exd5 28. d4 cxd4 29. Qxd4 Qd6 30. Ke2 Bd7 31. Qf4 Bf5 32. g4 Be6 33. Kd2 d4 34. h3 Bxb3 35. Qe4 Qd5 36. Qf4 Bxa4 37. Nd3 h6 38. h4 Kh7 39. h5 gxh5 40. g5 hxg5 41. Nxg5+ Qxg5 0-1

[Event "Douglas IoM op"]
[Site "Douglas"]
[Date "2016.10.03"]
[Round "3"]
[White "Formento, Paolo"]
[Black "Tiwari, Aswani"]
[Result "1/2-1/2"]
[WhiteElo "2326"]
[BlackElo "2090"]
[PlyCount "144"]
[EventDate "2016.10.01"]
[EventType "swiss"]
[EventRounds "9"]
[EventCountry "IOM"]
[SourceTitle "EXT 2017"]
[Source "ChessBase"]
[SourceDate "2016.10.25"]
[SourceVersion "1"]
[SourceVersionDate "2016.10.25"]
[SourceQuality "1"]

1. Nf3 f5 2. c4 Nf6 3. g3 d6 4. d4 g6 5. b3 Bg7 6. Bb2 0-0 7. Bg2 c6 8. 0-0 Qc7 9. Qc2 Na6 10. Nbd2 Re8 11. a3 e5 12. c5 e4 13. cxd6 Qxd6 14. Ne5 Be6 15. Ndc4 Qc7 16. b4 Nd7 17. Nxd7 Qxd7 18. Ne5 Qe7 19. e3 Nc7 20. Rfc1 Nd5 21. Bf1 a6 22. Rab1 Nb6 23. Ba1 Nd7 24. Nc4 Bd5 25. Na5 Nf6 26. Qc5 Qf7 27. Nc4 Bf8 28. Qb6 Rad8 29. Ne5 Qe7 30. a4 Nd7 31. Nxd7 Rxd7 32. b5 axb5 33. axb5 Qe6 34. bxc6 bxc6 35. Bc3 g5 36. Bd2 f4 37. Qa6 Rf7 38. Rb6 fxg3 39. hxg3 Qf5 40. Be1 Re6 41. Qc8 Kg7 42. Rcb1 Bd6 43. Rb7 Ref6 44. Rxf7+ Rxf7 45. Qxf5 Rxf5 46. Bb4 Bc7 47. Be2 Kg6 48. Kg2 h5 49. g4 hxg4 50. Bxg4 Rf6 51. Bd7 Bd6 52. Bc5 Bxc5 53. dxc5 Kg7 54. Rb6 Kf8 55. Rb8+ Ke7 56. Rb7 Kd8 57. Bg4 Be6 58. Bxe6 Rxe6 59. Rb4 Re5 60. Rc4 Ke7 61. Kg3 Ke6 62. Kg4 Kd5 63. Rc2 Ke6 64. Rc1 Rf5 65. Rc2 Re5 66. Rc4 Kd5 67. Rc3 Ke6 68. Rc2 Kd5 69. Kh5 Ke6 70. Kg4 Kd5 71. Rc3 Ke6 72. Rc1 Rf5 1/2-1/2

[Event "New Delhi Parsvnath op 13th"]
[Site "New Delhi"]
[Date "2015.01.11"]
[Round "4"]
[White "Tiwari, Aswani"]
[Black "Rajesh, VAV"]
[Result "1/2-1/2"]
[WhiteElo "2037"]
[BlackElo "2397"]
[PlyCount "77"]
[EventDate "2015.01.09"]
[EventType "tourn"]
[EventRounds "10"]
[EventCountry "IND"]
[SourceTitle "CBM 164 Extra"]
[Source "ChessBase"]
[SourceDate "2015.03.02"]
[SourceVersion "1"]
[SourceVersionDate "2015.03.02"]
[SourceQuality "1"]

1. e4 e5 2. Nf3 Nc6 3. Bb5 a6 4. Ba4 Nf6 5. 0-0 Be7 6. Bxc6 dxc6 7. d3 Nd7 8. Nbd2 0-0 9. Nc4 f6 10. Nh4 Nc5 11. Nf5 Kh8 12. a4 Ne6 13. Nxe7 Qxe7 14. b3 Rd8 15. a5 Bd7 16. f4 exf4 17. Bxf4 Nxf4 18. Rxf4 Qc5+ 19. Kh1 Be6 20. Qf3 Rf8 21. Qf2 Qxf2 22. Rxf2 Kg8 23. Kg1 Rae8 24. h3 f5 25. exf5 Rxf5 26. Rxf5 Bxf5 27. Kf2 Kf7 28. Ne3 Be6 29. Ra4 Ke7 30. Rb4 Rb8 31. Rh4 h6 32. d4 Rf8+ 33. Ke2 b6 34. Rh5 Kd6 35. b4 Rf4 36. c3 b5 37. Re5 g6 38. g3 Rf8 39. h4 1/2-1/2

[Event "New Delhi Parsvnath op 13th"]
[Site "New Delhi"]
[Date "2015.01.09"]
[Round "1"]
[White "Nitin, Senthilvel"]
[Black "Tiwari, Aswani"]
[Result "1-0"]
[WhiteElo "2355"]
[BlackElo "2037"]
[PlyCount "79"]
[EventDate "2015.01.09"]
[EventType "tourn"]
[EventRounds "10"]
[EventCountry "IND"]
[SourceTitle "CBM 164 Extra"]
[Source "ChessBase"]
[SourceDate "2015.03.02"]
[SourceVersion "1"]
[SourceVersionDate "2015.03.02"]
[SourceQuality "1"]

1. Nf3 f5 2. b3 d6 3. d4 Nf6 4. Bb2 g6 5. g3 Bg7 6. Bg2 0-0 7. 0-0 c6 8. c4 Qc7 9. d5 Na6 10. Nd4 e5 11. dxe6 Nc5 12. Nd2 Nxe6 13. e3 Nxd4 14. Bxd4 Be6 15. Rc1 Rad8 16. Nf3 Ne4 17. Bxg7 Qxg7 18. Nd4 Bc8 19. Qc2 Rfe8 20. Rfd1 a6 21. Ne2 Ng5 22. Rd4 Nf7 23. Rcd1 g5 24. R4d2 Qf6 25. Qb2 Qxb2 26. Rxb2 Kg7 27. Rdd2 Kf6 28. Rd3 h6 29. Rbd2 Ke7 30. f4 Kd7 31. b4 Kc7 32. a4 Be6 33. Rc3 Kb8 34. Nd4 Bd7 35. Nc2 b6 36. b5 c5 37. Bd5 Be6 38. bxa6 Ka7 39. Na3 Re7 40. Nb5+ 1-0